Catálogo

Alexitimia, la dificultad para verbalizar afectos : (Registro nro. 24742)

Detalles MARC
000 -LEADER
fixed length control field 01266cam a2200349 i 4500
001 - CONTROL NUMBER
control field 24742
003 - CONTROL NUMBER IDENTIFIER
control field Mx-PuUPA
005 - DATE AND TIME OF LATEST TRANSACTION
control field 20250609125337.0
008 - FIXED-LENGTH DATA ELEMENTS--GENERAL INFORMATION
fixed length control field 140415s1997 mx a gr 001 0 spa d
020 ## - INTERNATIONAL STANDARD BOOK NUMBER
International Standard Book Number 9501231674
040 ## - CATALOGING SOURCE
Original cataloging agency Mx-PuUPA
Language of cataloging spa
Transcribing agency Mx-PuUPA
Modifying agency Mx-PuUPA
Description conventions rda
041 0# - LANGUAGE CODE
Language code of text/sound track or separate title spa
100 1# - MAIN ENTRY--PERSONAL NAME
Personal name Sivak, Roberto,
Relator term autor
9 (RLIN) 17023
245 10 - TITLE STATEMENT
Title Alexitimia, la dificultad para verbalizar afectos :
Remainder of title teoría y clínica /
Statement of responsibility, etc. Roberto Sivak y Adriana Wiater ; con la colaboración de Fernando Lolas
250 ## - EDITION STATEMENT
Edition statement 1a.dición
264 #1 - PRODUCTION, PUBLICATION, DISTRIBUTION, MANUFACTURE, AND COPYRIGHT NOTICE
Place of production, publication, distribution, manufacture México :
Name of producer, publisher, distributor, manufacturer Editorial Paidós Mexicana,
Date of production, publication, distribution, manufacture, or copyright notice 1997
300 ## - PHYSICAL DESCRIPTION
Extent 191 páginas :
Other physical details tablas
Dimensions 22 cm
336 ## - CONTENT TYPE
Fuente rdacontent
Content type term texto
Content type code txt
337 ## - MEDIA TYPE
Source rdamedia
Media type term sin medio
Media type code n
338 ## - CARRIER TYPE
Source rdacarrier
Carrier type term volumen
Carrier type code nc
490 0# - SERIES STATEMENT
Series statement Psicología, Psiquiatría y Psicoterapia ;
Volume/sequential designation 167
650 #7 - SUBJECT ADDED ENTRY--TOPICAL TERM
Source of heading or term armarc
Topical term or geographic name entry element Alexitimia
650 #7 - SUBJECT ADDED ENTRY--TOPICAL TERM
Source of heading or term armarc
Topical term or geographic name entry element Trastornos afectivos
650 #7 - SUBJECT ADDED ENTRY--TOPICAL TERM
Source of heading or term armarc
Topical term or geographic name entry element Trastornos de la personalidad
650 #7 - SUBJECT ADDED ENTRY--TOPICAL TERM
Source of heading or term armarc
Topical term or geographic name entry element Afecto (Psicología)
700 1# - ADDED ENTRY--PERSONAL NAME
Personal name Wiater, Adriana,
Relator term autor
700 1# - ADDED ENTRY--PERSONAL NAME
Personal name Lolas, Fernando,
Relator term colaborador
942 ## - ADDED ENTRY ELEMENTS (KOHA)
Source of classification or shelving scheme Dewey Decimal Classification
Koha item type Libro
Classification part 616.8527
Item part S62
Existencias
Withdrawn status Lost status Source of classification or shelving scheme Damaged status Not for loan Collection code Home library Current library Shelving location Date acquired Source of acquisition Cost, normal purchase price Total Checkouts Full call number Barcode Date last seen Cost, replacement price Price effective from Koha item type
    Dewey Decimal Classification     General Biblioteca Karol Wojtyla Biblioteca Karol Wojtyla Sala general 28/02/2025 Donación 0.00   616.8527 S62 1997 46183 05/01/2026 0.00 03/12/2013 Libro